00593nam a2200205Ia 450000500170000000800410001704000190005804100120007708200160008910000190010524500400012426000280016430000090019265000180020165100310021985000100025094200070026099900170026795201030028420221215114823.0131103s9999 xx 000 0 und d aLoreto College aEnglish a822.08bCHA aCharlton, J.M. aPlays of the thirtiescJ.M.Charlton aLondonbPan booksc1967 av.2  aEnglish drama aEnglish drama - collection aLCLIB cBK c22279d72758 00102ddc4070aMAINbMAINd2013-11-04l0o822.08 CHA 14361pB24637r2013-11-04w2013-11-04yBKf